000 00602nam a2200193 4500
001 139938
003 ES-MaACL
005 20230906195942.0
007 t|
008 070214s1925 gw r ||||1| ger d
100 1 _aSchmidlin, August Joseph.
_9104459
245 1 0 _aKatholische Weltmission und deutsche Kultur /
_cJoseph Schmidlin.
260 _aFreiburg im Breisgau :
_bHerder,
_c1925.
300 _aXII, 62 p. ;
_c20 cm.
490 1 _aSchriften zur deutschen Politik ;
_v10
830 0 _aSchriften zur deutschen Politik ;
_v10
_9220278
852 _aES-MaACL
_jG-13675
999 _c139938
_d139938